Szczegóły MARC21

Potrzeby osób niepełnosprawnych w warunkach globalnych przemian społeczno-gospodarczych. T. 2 /

003 -Nazwa inst., której nr kontr. jest w polu 001 [,]
    • @
    • Nazwa instytucji, której n kontrolny jest w polu 001
    • NUKAT
005 -DATA I CZAS OSTATNIEJ MODYFIKACJI [,]
    • @
    • pole kontrolne
    • 20241231092812.0
020 -Międzynarod. znormalizowany nr książki - ISBN [ , ]
    • a
    • Numer ISBN
    • 8373087273 Find
020 -Międzynarod. znormalizowany nr książki - ISBN [ , ]
    • a
    • Numer ISBN
    • 9788373087279 Find
040 -Instytucja sporządzająca opis [ , ]
    • a
    • Instytucja, która sporządziła opis (NP)
    • WR U/kc
    • c
    • Instytucja, która sporządziła rekord (NP)
    • WR U/kc
    • d
    • Instytucja, która zmodyfikowała rekord (P)
    • WR U/dl
    • d
    • Instytucja, która zmodyfikowała rekord (P)
    • POZN U/KaKs
    • d
    • Instytucja, która zmodyfikowała rekord (P)
    • KR U/42AKs
041 -Język dokumentu [1, ]
    • a
    • Język tekstu (P)
    • polski
    • h
    • Język tekstu oryginalnego i/lub pośredniego (P)
    • rosyjski
942 -Rodzaj dokumentu [ , ]
    • c
    • Rodzaj dokumentu
    • Książka
245 -Strefa tytułu i oznaczenia odpowiedzialności [0,0]
    • a
    • Tytuł
    • Potrzeby osób niepełnosprawnych w warunkach globalnych przemian społeczno-gospodarczych. Find
    • n
    • Oznaczenie części (P)
    • T. 2 /
    • c
    • Pozostałe elementy strefy tytułu i oznaczenia odpowiedzialności (NP)
    • pod red. nauk. Heleny Ochonczenko i Marii Agnieszki Paszkowicz ; Uniwersytet Zielonogórski w Zielonej Górze.
260 -Strefa adresu wydawniczego [ , ]
    • a
    • Miejsce wydania (P)
    • Kraków :
    • b
    • Nazwa wydawcy (P)
    • Oficyna Wydawnicza "Impuls",
    • c
    • Data wydania (P)
    • 2006.
300 -Strefa opisu fizycznego [ , ]
    • a
    • Określenie formy książki i/lub objętość (NP)
    • 478 s. :
    • b
    • Oznaczenie ilustracji (NP)
    • il. ;
    • c
    • Format (NP)
    • 24 cm.
336 -Typ zawartości [ , ]
    • a
    • Termin opisujący typ zawartości
    • Tekst
    • b
    • Kod określający zawartość
    • txt
    • 2
    • Źródło (terminu i kodu)
    • rdacontent
337 -Typ mediów [ , ]
    • a
    • Tryb odtwarzania
    • Bez urządzenia pośredniczącego
    • b
    • Kod typu mediów
    • n
    • 2
    • Źródło (terminu i kodu)
    • rdamedia
338 -Typ/rodzaj nośnika [ , ]
    • a
    • Hasło opisujące typ nośnika
    • Wolumin
    • b
    • Kod typu nośnika
    • nc
    • 2
    • Źródło (terminu i kodu)
    • rdacarrier
504 -Uwaga dot. bibliogr. załącznikowej [ , ]
    • a
    • Uwaga dot. bibliografii załącznikowej
    • Bibliogr. przy rozdz.
546 -Uwaga dot. języka [ , ]
    • a
    • Uwaga dot. języka
    • Jeden tekst tł. z ros.
080 -Uniwersalna Klasyfikacja Dziesiętna [ , ]
    • 2
    • Identyfikator wydania tablic
    • UDC-P058
    • a
    • Symbol klasyfikacji
    • 376
    • b
    • Dopowiedzenie
    • Wychowanie, kształcenie i nauczanie specjalnych kategorii osób. Szkolnictwo specjalne. Rewalidacja.
    • x
    • Poddział wspólny
    • -056.26
    • b
    • Dopowiedzenie
    • Niepełnosprawni fizycznie.
    • x
    • Poddział wspólny
    • -056.36
    • b
    • Dopowiedzenie
    • Niepełnosprawni (upośledzeni) umysłowo.
    • x
    • Poddział wspólny
    • (07)
    • b
    • Dopowiedzenie
    • (Wydawnictwa dydaktyczne. Podręczniki).
080 -Uniwersalna Klasyfikacja Dziesiętna [ , ]
    • 2
    • Identyfikator wydania tablic
    • UDC-P058
    • a
    • Symbol klasyfikacji
    • 331.5
    • b
    • Dopowiedzenie
    • Rynek pracy. Zatrudnienie. Pełne zatrudnienie. Brak sił roboczych. Ruchliwość sił roboczych. Obcokrajowe siły robocze. Zatrudnienie cudzoziemców. Gastarbeiterzy. Praca za granicą. Rehabilitacja zawodowa.
    • x
    • Poddział wspólny
    • -056.26
    • b
    • Dopowiedzenie
    • Niepełnosprawni fizycznie.
    • x
    • Poddział wspólny
    • -056.36
    • b
    • Dopowiedzenie
    • Niepełnosprawni (upośledzeni) umysłowo.
    • x
    • Poddział wspólny
    • (07)
    • b
    • Dopowiedzenie
    • (Wydawnictwa dydaktyczne. Podręczniki).
080 -Uniwersalna Klasyfikacja Dziesiętna [ , ]
    • 2
    • Identyfikator wydania tablic
    • UDC-P058
    • a
    • Symbol klasyfikacji
    • 159.947
    • b
    • Dopowiedzenie
    • Wola. Kształtowanie woli. Wybór. Decyzja. Odpowiedzialność. Samodyscyplina. Motywy.
    • x
    • Poddział wspólny
    • -056.26
    • b
    • Dopowiedzenie
    • Niepełnosprawni fizycznie.
    • x
    • Poddział wspólny
    • -056.36
    • b
    • Dopowiedzenie
    • Niepełnosprawni (upośledzeni) umysłowo.
    • x
    • Poddział wspólny
    • (07)
    • b
    • Dopowiedzenie
    • (Wydawnictwa dydaktyczne. Podręczniki).
650 -Hasło przedmiotowe [ ,7]
    • a
    • Hasło przedmiotowe
    • Osoby z niepełnosprawnością
    • x
    • Określnik rzeczowy
    • integracja.
    • 2
    • Źródło terminu
    • kaba
    • 9
    • KHW
    • 369239
650 -Hasło przedmiotowe [ ,7]
    • a
    • Hasło przedmiotowe
    • Osoby z niepełnosprawnością
    • x
    • Określnik rzeczowy
    • praca.
    • 2
    • Źródło terminu
    • kaba
    • 9
    • KHW
    • 121384
650 -Hasło przedmiotowe [ ,7]
    • a
    • Hasło przedmiotowe
    • Osoby z niepełnosprawnością
    • x
    • Określnik rzeczowy
    • rehabilitacja.
    • 2
    • Źródło terminu
    • kaba
    • 9
    • KHW
    • 369372
650 -Hasło przedmiotowe [ ,7]
    • a
    • Hasło przedmiotowe
    • Osoby z niepełnosprawnością
    • x
    • Określnik rzeczowy
    • sytuacja społeczna.
    • 2
    • Źródło terminu
    • kaba
    • 9
    • KHW
    • 374561
980 -Symbol UKD [ , ]
    • a
    • UKD
    • 376:331.5:159.947]-056.26/.36(07)
700 -Hasło dodatkowe - nazwa osobowa [1, ]
    • a
    • Nazwa osobowa (NP)
    • Ochonczenko, Helena. Find
    • e
    • Określenie rodzaju współpracy
    • Red.
    • 9
    • KHW
    • 40607
700 -Hasło dodatkowe - nazwa osobowa [1, ]
    • a
    • Nazwa osobowa (NP)
    • Paszkowicz, Maria Agnieszka. Find
    • e
    • Określenie rodzaju współpracy
    • Red.
    • 9
    • KHW
    • 555490
710 -Hasło dodatkowe - nazwa ciała zbiorowego [2, ]
    • a
    • Nazwa ciała zbiorowego lub nazwa geograficzna jako pierwszy element (NP)
    • Oficyna Wydawnicza Impuls.
    • 4
    • Kod relacji
    • pbl
    • 9
    • KHW
    • 52864
920 -ISBN [ , ]
    • a
    • ISBN
    • 83-7308-727-3 Find
920 -ISBN [ , ]
    • a
    • ISBN
    • 978-83-7308-727-9 Find
Numer inwentarzowy Status udost. Data inwentaryzacji Lokalizacja
WM.7354-32008-01-03BG
WM.7353-32008-01-03BG
Pd.1870812007-09-12BG